000 00897nam0a22002651 4500
001 rc\2868444
005 20110712162803.5
035 _a(NLR Aleph) 007212219
090 _a7672296
_c7672296
100 _a20110712d1929 |||y0rusy50 ca
101 0 _arus
102 _aRU
105 _ay z |||||
200 1 _aСилуэт
_eВ.Ф. Одоевский
210 _a[Ленинград]
_cБ. и.
_d[1929]
215 _aС. 21-99
300 _aВ кн.: Одоевский, Владимир Федорович. Романтические повести. Л., 1929. с. 21-99
600 1 _aОдоевский
_bВ.Ф.
_f1803-1869
_gВладимир Федорович
700 1 _aЦехнови
_bО. В.
_f1899-1941
_gОрест Вениаминович
801 0 _aRU
_bNLR
_gpsbo
801 1 _aRU
_bELAR
_2rusmarc
852 _aNLR
_j73/193
852 _aNLR
_j106/514
942 _cBOOK
980 _aNB